Manual de pruebas para transformadores de potencia
Gardado en:
| Autor Principal: | |
|---|---|
| Outros autores: | |
| Formato: | Libro |
| Publicado: |
San José, Costa Rica
1992
|
| Materias: | |
| Etiquetas: |
Engadir etiqueta
Sen Etiquetas, Sexa o primeiro en etiquetar este rexistro!
|
MARC
| LEADER | 00000nam a2200000Ia 4500 | ||
|---|---|---|---|
| 003 | 005377 | ||
| 005 | 20221231144326.0 | ||
| 008 | 140114s1992 cr a m 000 ||s d | ||
| 040 | |c cru CEDI | ||
| 090 | |a TFG 2514 | ||
| 100 | |a Bonilla González, Marvin |9 12638 | ||
| 245 | |a Manual de pruebas para transformadores de potencia | ||
| 260 | |c 1992 |a San José, Costa Rica | ||
| 300 | |a xv, 166, [22] hojas : ilustraciones ; 28 cm | ||
| 500 | |a Proyecto de graduación (bachiller en ingeniería eléctrica)--Universidad de Costa Rica. Facultad de Ingeniería. Escuela de Ingeniería Eléctrica | ||
| 650 | |x INSTITUTO COSTARRICENSE DE ELECTRICIDAD |x TRANSFORMADORES ELECTRICOS - PRUEBAS |x TRANSPORTE - MANTENIMIENTO Y REPARACION |9 12640 | ||
| 700 | |9 12639 |a Vega Gómez, Sandra | ||
| 942 | |c TFG | ||
| 999 | |c 20194 |d 20194 | ||
